00569nam a2200145 4500008004100000022002200041022002300063050002100086245007200107260009000179300002900269440008900298650002300387650001300410190130b xxu||||| |||| 00| 0 eng d a0035-9203 (Print) a1878-3503 (Online) aRC 960 .T73 2018 aTransactions of the Royal Society of tropical medicine and hygiene/ aLondon :b Royal Society of Tropical Medicine and Hygiene Amsterdam, Elsevier,c2018. a1-45p. :bill. ;c28 cm. aTransactions of the Royal Society of tropical medicine and hygiene vVol. 112 No.1.  aTropical medicine. aHygiene.